000 00408nam a22001577a 4500
999 _c12305
_d12305
008 210127b ||||| |||| 00| 0 eng d
082 0 0 _a621.38412
_bA2111
100 _92581
_aAdams, Thomas M.
245 1 0 _aRadio circuits
_cBy Thomas M. Adams
250 _a1st ed.
260 _aSlough
_bW. Foulsham & Co. Ltd.
_c1965
300 _a160 p.
365 _d21.60
650 0 _aRadio Circuits
942 _cBK